00397nam a22001337a 4500003001100000005001700011008004100028040003900069041000800108082000800116100001900124245007200143260004800215LK-CoMWRAF20231225175105.0231225b |||||||| |||| 00| 0 eng d aLK-CoMWRAFdLK-CoMWRAFeLK-CoMWRAF aeng bWAD aWadood, A.C.A. aThe holy prophet foretold by Jesus Christ in the gospel of Barnabas aColombo:bCeylon Muslim missionary society,